000 00259nam a2200109Ia 4500
005 20251222143212.0
008 251222s9999||||xx |||||||||||||| ||spa||
082 _a287.1/H61/Ej.2
245 0 _aGuiones para CĂ­rculos de Estudio
264 _bHOAC
942 _cLIB
999 _c13473
_d13473